[Event "BL2-Nord 0001"]
[Site "Germany"]
[Date "2000.10.15"]
[Round "1.3"]
[White "Floegel, Ulrich"]
[Black "Roeber, Bjoern"]
[Result "1-0"]
[WhiteElo "2314"]
[BlackElo "2328"]
[PlyCount "79"]
[EventDate "2000.10.15"]
[EventType "team-tourn"]
[EventRounds "9"]
[EventCountry "GER"]
[SourceTitle "CBM 082 Extra"]
[Source "ChessBase"]
[SourceDate "2001.07.03"]
[SourceVersion "1"]
[SourceVersionDate "2001.07.03"]
[SourceQuality "1"]
[WhiteTeam "Werder Bremen II"]
[BlackTeam "Leipzig Gohlis"]
[WhiteTeamCountry "GER"]
[BlackTeamCountry "GER"]

1. e4 c5 2. Nf3 d6 3. c3 Nf6 4. Bd3 Nbd7 5. Bc2 e6 6. 0-0 Be7 7. d4 cxd4 8. cxd4 b5 9. a3 Bb7 10. Nc3 a6 11. Re1 Rc8 12. Bg5 h6 13. Bh4 Nb6 14. Qe2 Nc4 15. Bd3 g5 16. Bg3 g4 17. Nd2 Nxb2 18. Bxb5+ Kf8 19. Ndb1 axb5 20. Qxb2 Qb6 21. d5 e5 22. Nxb5 Ne8 23. a4 h5 24. a5 Qa6 25. f3 gxf3 26. gxf3 Rg8 27. Kh1 Rb8 28. N1c3 Bc8 29. Qe2 Bd7 30. Nd4 Qc8 31. Nc6 Bxc6 32. dxc6 h4 33. Bf2 Qxc6 34. Rec1 Qd7 35. a6 Qh3 36. Be3 Rb2 37. Bh6+ Ng7 38. Qxb2 Ke8 39. Qb5+ Kd8 40. Qf1 1-0

[Event "BL2-Nord 9900"]
[Site "Germany"]
[Date "2000.01.30"]
[Round "5.4"]
[White "Kleeschaetzky, Ralf"]
[Black "Floegel, Ulrich"]
[Result "1/2-1/2"]
[WhiteElo "2230"]
[BlackElo "2305"]
[PlyCount "68"]
[EventDate "1999.10.10"]
[EventType "team-tourn"]
[EventRounds "9"]
[EventCountry "GER"]
[SourceTitle "CBM 074 Extra"]
[Source "ChessBase"]
[SourceDate "2000.03.10"]
[SourceVersion "2"]
[SourceVersionDate "2000.03.10"]
[SourceQuality "1"]
[WhiteTeam "Berlin Empor"]
[BlackTeam "Werder Bremen II"]
[WhiteTeamCountry "GER"]
[BlackTeamCountry "GER"]

1. Nf3 Nf6 2. c4 g6 3. Nc3 Bg7 4. e4 0-0 5. d4 c6 6. Be2 d5 7. cxd5 cxd5 8. e5 Ne4 9. Qb3 Nxc3 10. bxc3 Nc6 11. 0-0 Na5 12. Qb4 f6 13. exf6 exf6 14. Bf4 Bf5 15. Nd2 Rc8 16. Rac1 Re8 17. Rfe1 Bf8 18. Qb2 Re6 19. c4 dxc4 20. Nxc4 Nxc4 21. Rxc4 Rb6 22. Qa1 Be6 23. Rxc8 Qxc8 24. Bf3 Qc4 25. Bb8 Bb4 26. Rd1 Bd5 27. Rc1 Qxa2 28. Qxa2 Bxa2 29. Bxa7 Rb5 30. h4 Bd6 31. g3 Bd5 32. Bxd5+ Rxd5 33. Rb1 b5 34. Bc5 Bxc5 1/2-1/2

[Event "Bundesliga 9899"]
[Site "Germany"]
[Date "1999.01.09"]
[Round "7.8"]
[White "Floegel, Ulrich"]
[Black "Jugelt, Tobias"]
[Result "0-1"]
[WhiteElo "2320"]
[BlackElo "2363"]
[PlyCount "66"]
[EventDate "1998.10.17"]
[EventType "team-tourn"]
[EventRounds "15"]
[EventCountry "GER"]
[SourceTitle "GER-chT"]
[Source "ChessBase"]
[SourceDate "1999.07.01"]
[SourceVersion "1"]
[SourceVersionDate "1999.07.01"]
[SourceQuality "1"]
[WhiteTeam "Werder Bremen"]
[BlackTeam "Delmenhorst"]
[WhiteTeamCountry "GER"]
[BlackTeamCountry "GER"]

1. e4 Nf6 2. e5 Nd5 3. d4 d6 4. Nf3 c6 5. h3 Bf5 6. Bc4 e6 7. Qe2 Nd7 8. 0-0 dxe5 9. dxe5 Be7 10. a3 0-0 11. Ba2 Qc7 12. Re1 Rfd8 13. Nd4 Bg6 14. Nd2 c5 15. Nb5 Qc6 16. Nf3 a6 17. Nd6 Nxe5 18. Nxe5 Qxd6 19. Nxg6 hxg6 20. Qf3 Bf6 21. c3 b5 22. Bb1 Ra7 23. g3 Rad7 24. h4 Ne7 25. Kg2 Qd5 26. Be4 Qb3 27. a4 b4 28. cxb4 Qxb4 29. Re2 Nf5 30. Bxf5 gxf5 31. Ra3 c4 32. Qc6 Rd1 33. Rc2 Qe1 0-1

[Event "Bundesliga 9899"]
[Site "Germany"]
[Date "1998.12.13"]
[Round "6.8"]
[White "Floegel, Ulrich"]
[Black "Brendel, Oliver"]
[Result "1/2-1/2"]
[WhiteElo "2365"]
[BlackElo "2420"]
[PlyCount "99"]
[EventDate "1998.10.17"]
[EventType "team-tourn"]
[EventRounds "15"]
[EventCountry "GER"]
[SourceTitle "GER-chT"]
[Source "ChessBase"]
[SourceDate "1999.07.01"]
[SourceVersion "1"]
[SourceVersionDate "1999.07.01"]
[SourceQuality "1"]
[WhiteTeam "Werder Bremen"]
[BlackTeam "Castrop Rauxel"]
[WhiteTeamCountry "GER"]
[BlackTeamCountry "GER"]

1. e4 c5 2. Nf3 Nc6 3. Bb5 Nf6 4. Qe2 g6 5. c3 Bg7 6. 0-0 0-0 7. d4 cxd4 8. cxd4 d5 9. e5 Ne4 10. Nc3 Bg4 11. Rd1 Nxc3 12. bxc3 a6 13. Bxc6 bxc6 14. h3 Bxf3 15. Qxf3 Qa5 16. a4 Rfb8 17. Ba3 Bf8 18. e6 f6 19. h4 Qc7 20. h5 g5 21. Bc1 Rb3 22. Bd2 Qd6 23. Qf5 Bh6 24. g3 Kh8 25. Kg2 Rab8 26. Rac1 Ra3 27. c4 Rxa4 28. cxd5 cxd5 29. Be3 Rc4 30. Ra1 Rc6 31. Rab1 Rxb1 32. Rxb1 Qxe6 33. Qxe6 Rxe6 34. Rb8+ Kg7 35. Rd8 Rd6 36. Rxd6 exd6 37. g4 f5 38. f3 fxg4 39. fxg4 Kf7 40. Kf3 Ke7 41. Ke2 Kd7 42. Kd3 Kc6 43. Kc3 Kb5 44. Kb3 a5 45. Kc3 a4 46. Bc1 Ka5 47. Bd2 a3 48. Kb3+ Kb5 49. Bc1 a2 50. Bb2 1/2-1/2

[Event "Bundesliga 9798"]
[Site "Germany"]
[Date "1998.03.28"]
[Round "12.7"]
[White "Stangl, Markus"]
[Black "Floegel, Ulrich"]
[Result "1-0"]
[WhiteElo "2530"]
[BlackElo "2365"]
[PlyCount "71"]
[EventDate "1997.10.18"]
[EventType "team-tourn"]
[EventRounds "15"]
[EventCountry "GER"]
[SourceTitle "GER-chT"]
[Source "ChessBase"]
[SourceDate "1999.07.01"]
[SourceVersion "1"]
[SourceVersionDate "1999.07.01"]
[SourceQuality "1"]
[WhiteTeam "Koeln Porz"]
[BlackTeam "Werder Bremen"]
[WhiteTeamCountry "GER"]
[BlackTeamCountry "GER"]

1. Nf3 Nf6 2. c4 g6 3. d4 Bg7 4. g3 0-0 5. Bg2 d6 6. 0-0 Nc6 7. Nc3 Bf5 8. Ne1 Qd7 9. e4 Bh3 10. f3 Bxg2 11. Kxg2 a6 12. Be3 Rab8 13. a4 e6 14. Nd3 d5 15. e5 Ne8 16. Nc5 Qd8 17. cxd5 exd5 18. f4 Ne7 19. g4 Qc8 20. Qf3 b6 21. Nd3 c6 22. f5 f6 23. e6 a5 24. Ne2 Qa6 25. Bf4 Rc8 26. Ng3 Qc4 27. b3 Qxd4 28. Rac1 c5 29. Rfd1 gxf5 30. gxf5 Kh8 31. h4 Rg8 32. Be3 Qe4 33. Nxe4 dxe4 34. Qxe4 Nd6 35. Qf3 Ndxf5 36. Kh3 1-0

[Event "Bundesliga 9798"]
[Site "Germany"]
[Date "1998.01.11"]
[Round "7.7"]
[White "Floegel, Ulrich"]
[Black "Wilhelmi, Christian"]
[Result "0-1"]
[WhiteElo "2365"]
[BlackElo "2405"]
[PlyCount "68"]
[EventDate "1997.10.18"]
[EventType "team-tourn"]
[EventRounds "15"]
[EventCountry "GER"]
[SourceTitle "GER-chT"]
[Source "ChessBase"]
[SourceDate "1999.07.01"]
[SourceVersion "1"]
[SourceVersionDate "1999.07.01"]
[SourceQuality "1"]
[WhiteTeam "Werder Bremen"]
[BlackTeam "Hamburger SK"]
[WhiteTeamCountry "GER"]
[BlackTeamCountry "GER"]

1. e4 c5 2. d3 Nc6 3. f4 e6 4. Nf3 d5 5. Nbd2 Nf6 6. c3 Be7 7. Qe2 0-0 8. g3 a5 9. e5 Ne8 10. Bh3 a4 11. a3 b5 12. 0-0 Qa5 13. Rd1 Nc7 14. Nf1 b4 15. Bd2 Nb5 16. axb4 cxb4 17. cxb4 Bxb4 18. Be3 Bd7 19. Rdc1 Rfb8 20. d4 a3 21. bxa3 Bc3 22. Ra2 Nbxd4 23. Nxd4 Bxd4 24. Bxd4 Nxd4 25. Qf2 Nb3 26. Rd1 Rc8 27. Ne3 Qa7 28. Bg2 Rc3 29. Nc2 Qc7 30. Nd4 Nxd4 31. Qxd4 Rcxa3 32. Rxa3 Rxa3 33. Qb4 Ra2 34. Rb1 Qc2 0-1

[Event "Bundesliga 9798"]
[Site "Germany"]
[Date "1997.10.19"]
[Round "2.7"]
[White "Floegel, Ulrich"]
[Black "Gross, Georg"]
[Result "1/2-1/2"]
[WhiteElo "2365"]
[BlackElo "2360"]
[PlyCount "61"]
[EventDate "1997.10.18"]
[EventType "team-tourn"]
[EventRounds "15"]
[EventCountry "GER"]
[SourceTitle "GER-chT"]
[Source "ChessBase"]
[SourceDate "1999.07.01"]
[SourceVersion "1"]
[SourceVersionDate "1999.07.01"]
[SourceQuality "1"]
[WhiteTeam "Werder Bremen"]
[BlackTeam "St Ingbert"]
[WhiteTeamCountry "GER"]
[BlackTeamCountry "GER"]

1. Nf3 f5 2. d3 Nc6 3. g3 Nf6 4. Bg2 g6 5. 0-0 Bg7 6. c4 0-0 7. Nc3 d6 8. Rb1 e5 9. b4 h6 10. b5 Ne7 11. Ne1 g5 12. Nc2 f4 13. Nb4 Nf5 14. e3 Kh8 15. Nbd5 Nxd5 16. Nxd5 Be6 17. Kh1 Qd7 18. Nc3 Rab8 19. Ne4 Qf7 20. Bd2 Qg6 21. Rg1 fxe3 22. fxe3 g4 23. Qe2 h5 24. Nf2 Bh6 25. Be4 Rf7 26. Rbf1 Bg5 27. h4 gxh3 28. Nxh3 Qh6 29. Nxg5 Qxg5 30. Qh2 Nh6 31. Qh4 1/2-1/2

[Event "Oberliga Nord W 9697"]
[Site "Germany"]
[Date "1997.03.02"]
[Round "7.2"]
[White "Boehnisch, Manfred"]
[Black "Floegel, Ulrich"]
[Result "0-1"]
[WhiteElo "2295"]
[BlackElo "2345"]
[PlyCount "120"]
[EventDate "1996.10.??"]
[EventType "team"]
[EventRounds "9"]
[EventCountry "GER"]
[SourceTitle "EXT 2003"]
[Source "ChessBase"]
[SourceDate "2002.11.25"]
[SourceVersion "1"]
[SourceVersionDate "2002.11.25"]
[SourceQuality "1"]
[WhiteTeam "Isernhagen"]
[BlackTeam "Werder Bremen II"]
[WhiteTeamCountry "GER"]
[BlackTeamCountry "GER"]

1. e4 Nf6 2. Nc3 d5 3. e5 Nfd7 4. e6 fxe6 5. d4 c5 6. Nf3 Nc6 7. dxc5 Qa5 8. Be3 Nf6 9. Bb5 Bd7 10. Bxc6 bxc6 11. Ne5 g6 12. 0-0 Bg7 13. Bd4 0-0 14. Qe2 Qc7 15. f4 Bc8 16. Rad1 Nd7 17. Nxd7 Bxd7 18. Bxg7 Kxg7 19. Qe3 Rab8 20. b3 Rf5 21. g4 Rf7 22. h3 Kg8 23. Rf2 Rbf8 24. Rdf1 Qa5 25. a4 Bc8 26. Qd4 Qc7 27. b4 a6 28. Kg2 Qb8 29. h4 h5 30. g5 Rf5 31. Ne2 a5 32. bxa5 Ba6 33. Qe3 Bxe2 34. Qxe6+ Kh7 35. Qxe2 Qa7 36. Qe3 R8f7 37. Qd4 Qxa5 38. Re2 Qc7 39. Re5 Qd7 40. Rfe1 Rxe5 41. fxe5 Qf5 42. Qe3 Qxc2+ 43. Qe2 Qxa4 44. Rf1 Rxf1 45. Kxf1 Qxh4 46. Qf3 Qc4+ 47. Kf2 Qd4+ 48. Kf1 Qxe5 49. Qf7+ Qg7 50. Qe6 Qa1+ 51. Kg2 Qb2+ 52. Kh3 Qc3+ 53. Kh2 Qc2+ 54. Kg3 h4+ 55. Kxh4 Qe4+ 56. Qxe4 dxe4 57. Kg4 e5 58. Kg3 Kg7 59. Kf2 Kf7 60. Ke3 Ke7 0-1

[Event "Oberliga Nord W 9697"]
[Site "Germany"]
[Date "1997.01.12"]
[Round "4.1"]
[White "Kopmann, Rene"]
[Black "Floegel, Ulrich"]
[Result "1/2-1/2"]
[WhiteElo "2320"]
[BlackElo "2345"]
[PlyCount "37"]
[EventDate "1996.10.??"]
[EventType "team"]
[EventRounds "9"]
[EventCountry "GER"]
[SourceTitle "EXT 2003"]
[Source "ChessBase"]
[SourceDate "2002.11.25"]
[SourceVersion "1"]
[SourceVersionDate "2002.11.25"]
[SourceQuality "1"]
[WhiteTeam "Hannover Post"]
[BlackTeam "Werder Bremen II"]
[WhiteTeamCountry "GER"]
[BlackTeamCountry "GER"]

1. e4 Nf6 2. e5 Nd5 3. c4 Nb6 4. c5 Nd5 5. Nc3 c6 6. Bc4 d6 7. Qb3 Nd7 8. Nxd5 Nxc5 9. Qe3 cxd5 10. Bxd5 e6 11. exd6 Qxd6 12. Bc4 Be7 13. Nf3 0-0 14. 0-0 b6 15. d4 Nd7 16. Qe4 Qb8 17. Bf4 Qb7 18. Qe2 Nf6 19. Rac1 1/2-1/2

[Event "Bremen-ch"]
[Site "Bremen"]
[Date "1997.??.??"]
[Round "6"]
[White "Floegel, Ulrich"]
[Black "Issing, Peter"]
[Result "1/2-1/2"]
[WhiteElo "2345"]
[BlackElo "2235"]
[PlyCount "65"]
[EventDate "1997.??.??"]
[EventType "tourn"]
[EventRounds "9"]
[EventCountry "GER"]
[SourceTitle "EXT 2001"]
[Source "ChessBase"]
[SourceDate "2000.11.22"]
[SourceVersion "1"]
[SourceVersionDate "2000.11.22"]
[SourceQuality "1"]

1. Nf3 g6 2. g3 Bg7 3. Bg2 e5 4. 0-0 Nc6 5. e4 d6 6. c3 Nf6 7. Re1 0-0 8. d4 Re8 9. d5 Ne7 10. c4 c5 11. Nc3 Rf8 12. h3 Nd7 13. Be3 a6 14. Qd2 Rb8 15. a4 Kh8 16. Re2 Ng8 17. Rf1 Ndf6 18. Ne1 Nh5 19. g4 Nf4 20. Bxf4 exf4 21. Qxf4 f5 22. exf5 gxf5 23. g5 Ne7 24. Nf3 Ng6 25. Qd2 f4 26. Ne4 b5 27. axb5 axb5 28. b3 bxc4 29. bxc4 Rb4 30. Rc1 Bf5 31. Qe1 Qd7 32. Kh2 Rb3 33. Nf6 1/2-1/2

[Event "Bremen-ch"]
[Site "Bremen"]
[Date "1997.??.??"]
[Round "8"]
[White "Floegel, Ulrich"]
[Black "Sawadkuhi, Massoud Amir"]
[Result "1-0"]
[WhiteElo "2345"]
[BlackElo "2260"]
[PlyCount "103"]
[EventDate "1997.??.??"]
[EventType "tourn"]
[EventRounds "9"]
[EventCountry "GER"]
[SourceTitle "EXT 2001"]
[Source "ChessBase"]
[SourceDate "2000.11.22"]
[SourceVersion "1"]
[SourceVersionDate "2000.11.22"]
[SourceQuality "1"]

1. e4 c5 2. Nf3 e6 3. d3 Nc6 4. g3 g6 5. Bg2 Bg7 6. 0-0 Nf6 7. Re1 0-0 8. c3 d5 9. e5 Nd7 10. d4 b5 11. Na3 cxd4 12. cxd4 b4 13. Nc2 f6 14. Bf4 fxe5 15. dxe5 h6 16. h4 Qb6 17. Qd2 Kh7 18. Ncd4 Nxd4 19. Nxd4 Nc5 20. h5 Ba6 21. hxg6+ Kxg6 22. Re3 Rac8 23. a3 b3 24. Qd1 Bc4 25. Qg4+ Kh7 26. Rd1 Rce8 27. Rc3 Qc7 28. Re3 Qf7 29. Bf3 Rg8 30. Qh4 Qe7 31. Qh3 Ref8 32. Kh2 Rc8 33. Ne2 Bf8 34. Rh1 Rc7 35. Kg2 Qg7 36. Nd4 Re7 37. Qh4 Bd3 38. Bxh6 Qxh6 39. Qf6 Qxh1+ 40. Kxh1 Bg6 41. Kg2 Rf7 42. Qh4+ Kg7 43. Nxb3 Be7 44. Qg4 Kh8 45. Qd4 Nd7 46. Bxd5 Rgf8 47. Bf3 Nb6 48. Rc3 Nd5 49. Bxd5 exd5 50. e6+ Rf6 51. Rc7 Be4+ 52. Kf1 1-0

[Event "Bremen-ch"]
[Site "Bremen"]
[Date "1997.??.??"]
[Round "3"]
[White "Jugelt, Tobias"]
[Black "Floegel, Ulrich"]
[Result "0-1"]
[WhiteElo "2375"]
[BlackElo "2345"]
[PlyCount "119"]
[EventDate "1997.??.??"]
[EventType "tourn"]
[EventRounds "9"]
[EventCountry "GER"]
[SourceTitle "EXT 2001"]
[Source "ChessBase"]
[SourceDate "2000.11.22"]
[SourceVersion "1"]
[SourceVersionDate "2000.11.22"]
[SourceQuality "1"]

1. d4 Nf6 2. Bg5 d6 3. Bxf6 exf6 4. e3 f5 5. Bd3 g6 6. Ne2 Bg7 7. Nd2 Nd7 8. h4 Nf6 9. Nf4 Bd7 10. Qe2 Bc6 11. Bb5 Qd7 12. Bxc6 Qxc6 13. c3 0-0 14. 0-0 Rae8 15. Qf3 Ne4 16. Nxe4 fxe4 17. Qe2 Bh6 18. Nh3 Qd5 19. g3 Re7 20. Kg2 a6 21. c4 Qf5 22. Rac1 c6 23. c5 d5 24. b4 f6 25. Rh1 Qe6 26. Rc2 Rg7 27. a4 g5 28. Qh5 Rg6 29. hxg5 fxg5 30. Rb2 Qf5 31. Ng1 Rf7 32. Qe2 g4 33. Rh4 Bf8 34. b5 axb5 35. axb5 Be7 36. bxc6 bxc6 37. Rh2 Qf3+ 38. Kf1 Qxg3 39. Rg2 Qh4 40. Qa6 g3 41. Qc8+ Rf8 42. Qd7 Bg5 43. Re2 Kh8 44. Qc7 Bh6 45. Qd6 Bg7 46. Qc7 Qg4 47. Ke1 gxf2+ 48. Rexf2 Qh4 49. Kf1 Qd8 50. Qxd8 Rxd8 51. Ne2 Bh6 52. Rxg6 hxg6 53. Nf4 Bxf4 54. Rxf4 Kg7 55. Ke2 Ra8 56. Rh4 g5 57. Rh3 Kg6 58. Kf1 g4 59. Rh4 Kg5 60. Rh1 0-1

[Event "Bremen-ch"]
[Site "Bremen"]
[Date "1997.??.??"]
[Round "7"]
[White "Lankenau, Axel"]
[Black "Floegel, Ulrich"]
[Result "1/2-1/2"]
[WhiteElo "2145"]
[BlackElo "2345"]
[PlyCount "91"]
[EventDate "1997.??.??"]
[EventType "tourn"]
[EventRounds "9"]
[EventCountry "GER"]
[SourceTitle "EXT 2001"]
[Source "ChessBase"]
[SourceDate "2000.11.22"]
[SourceVersion "1"]
[SourceVersionDate "2000.11.22"]
[SourceQuality "1"]

1. c4 Nf6 2. Nc3 g6 3. g3 Bg7 4. Bg2 0-0 5. d3 d6 6. Nf3 Nc6 7. 0-0 Nh5 8. Rb1 f5 9. Nd5 a5 10. a3 e6 11. Nc3 h6 12. Bd2 e5 13. b4 axb4 14. axb4 Be6 15. Ne1 Qd7 16. b5 Nd8 17. Ra1 Rxa1 18. Qxa1 c6 19. Qa7 d5 20. cxd5 cxd5 21. Qc5 Nf6 22. Nf3 Nf7 23. Na4 Qd8 24. Rc1 Nd7 25. Qa3 e4 26. Ne1 h5 27. Nc5 Nxc5 28. Qxc5 Be5 29. Qa7 Nd6 30. Bb4 h4 31. Bxd6 Bxd6 32. Qxb7 hxg3 33. hxg3 f4 34. dxe4 fxg3 35. fxg3 Bxg3 36. Nf3 dxe4 37. Qxe4 Qb6+ 38. e3 Bf5 39. Qd4 Qxb5 40. Qc4+ Qxc4 41. Rxc4 Rb8 42. Nd2 Rb2 43. Rd4 Be1 44. Nc4 Rc2 45. Be4 Bf2+ 46. Kh1 1/2-1/2

[Event "Bundesliga 9596"]
[Site "Germany"]
[Date "1996.??.??"]
[Round "?.7"]
[White "Floegel, Ulrich"]
[Black "Breutigam, Martin"]
[Result "1/2-1/2"]
[WhiteElo "2355"]
[BlackElo "2340"]
[PlyCount "119"]
[EventDate "1995.10.14"]
[EventType "team-tourn"]
[EventRounds "15"]
[EventCountry "GER"]
[SourceTitle "GER-chT"]
[Source "ChessBase"]
[SourceDate "1999.07.01"]
[SourceVersion "1"]
[SourceVersionDate "1999.07.01"]
[SourceQuality "1"]
[WhiteTeam "Werder Bremen"]
[BlackTeam "Delmenhorst"]
[WhiteTeamCountry "GER"]
[BlackTeamCountry "GER"]

1. Nf3 Nc6 2. e4 e5 3. Bc4 Nf6 4. d3 Be7 5. c3 0-0 6. Nbd2 d6 7. Bb3 Be6 8. Bc2 d5 9. 0-0 Bd6 10. Re1 Qd7 11. b4 Rad8 12. Qe2 Rfe8 13. Nf1 a6 14. Ng3 d4 15. cxd4 exd4 16. a3 Bg4 17. h3 Bxg3 18. hxg4 Bd6 19. g5 Nd5 20. Nh2 Nc3 21. Qh5 g6 22. Qh4 Bxh2+ 23. Qxh2 Ne5 24. Bf4 Qe6 25. Bb3 Qe7 26. Bxe5 Qxe5 27. f4 Qe7 28. Rf1 Kh8 29. e5 Nd5 30. Bxd5 Rxd5 31. Rf3 Qe6 32. Qh6 Rg8 33. Kf2 Qf5 34. Rh1 Rg7 35. Rh4 c5 36. g4 Qc8 37. Rfh3 Qg8 38. f5 gxf5 39. gxf5 Rxe5 40. Qf6 Re3 41. Rxh7+ Qxh7 42. Rxh7+ Kxh7 43. bxc5 Rxd3 44. Qe7 Re3 45. Qxb7 Re5 46. c6 Rxf5+ 47. Ke2 Rfxg5 48. c7 Rc5 49. c8Q Rxc8 50. Qxc8 Rg6 51. Qf8 Re6+ 52. Kd3 Kg6 53. Kxd4 Kf6 54. a4 Kg6 55. a5 Kf6 56. Qg8 Ke7 57. Kd5 Rd6+ 58. Kc5 Re6 59. Qh8 Rg6 60. Qh4+ 1/2-1/2

[Event "Bundesliga 9697"]
[Site "Germany"]
[Date "1996.??.??"]
[Round "?.8"]
[White "Fuhrmann, Daniel"]
[Black "Floegel, Ulrich"]
[Result "1/2-1/2"]
[WhiteElo "2265"]
[BlackElo "2345"]
[PlyCount "102"]
[EventDate "1996.10.12"]
[EventType "team-tourn"]
[EventRounds "15"]
[EventCountry "GER"]
[SourceTitle "GER-chT"]
[Source "ChessBase"]
[SourceDate "1999.07.01"]
[SourceVersion "1"]
[SourceVersionDate "1999.07.01"]
[SourceQuality "1"]
[WhiteTeam "Erfurt"]
[BlackTeam "Werder Bremen"]
[WhiteTeamCountry "GER"]
[BlackTeamCountry "GER"]

1. d4 Nf6 2. c4 g6 3. Nc3 Bg7 4. e4 0-0 5. f3 d6 6. Be3 Nc6 7. Nge2 a6 8. Qd2 Rb8 9. Nc1 e5 10. d5 Nd4 11. Nb3 Nxb3 12. axb3 c5 13. b4 cxb4 14. Na4 b5 15. cxb5 axb5 16. Qxb4 Ne8 17. Nc3 Bh6 18. Bf2 Qg5 19. Nd1 f5 20. h4 Qd8 21. h5 Bg5 22. hxg6 hxg6 23. Ra7 Nf6 24. exf5 gxf5 25. Nc3 Rb7 26. Rxb7 Bxb7 27. Bxb5 e4 28. Bd4 Qe7 29. fxe4 fxe4 30. Be2 Bc8 31. Nb5 Bf4 32. Qc3 e3 33. Qd3 Qg7 34. g4 Bg3+ 35. Kd1 Bxg4 36. Rg1 Bxe2+ 37. Qxe2 Qg6 38. Na3 Ne4 39. Qxe3 Qh5+ 40. Kc1 Qxd5 41. Rxg3+ Nxg3 42. Qxg3+ Kf7 43. Nc2 Ke8 44. Qh3 Rf3 45. Qg2 Qe4 46. Kb1 Qd3 47. Qg8+ Kd7 48. Qg4+ Kc7 49. Qg7+ Kc6 50. Qg2 Kb5 51. Bc3 Ka6 1/2-1/2

[Event "Bundesliga 9596"]
[Site "Germany"]
[Date "1995.??.??"]
[Round "?.7"]
[White "Floegel, Ulrich"]
[Black "Goetz, Ralph"]
[Result "1/2-1/2"]
[WhiteElo "2360"]
[BlackElo "2335"]
[PlyCount "83"]
[EventDate "1995.10.14"]
[EventType "team-tourn"]
[EventRounds "15"]
[EventCountry "GER"]
[SourceTitle "GER-chT"]
[Source "ChessBase"]
[SourceDate "1999.07.01"]
[SourceVersion "1"]
[SourceVersionDate "1999.07.01"]
[SourceQuality "1"]
[WhiteTeam "Werder Bremen"]
[BlackTeam "Passau"]
[WhiteTeamCountry "GER"]
[BlackTeamCountry "GER"]

1. e4 c5 2. Nf3 e6 3. d3 Nc6 4. g3 d5 5. Nbd2 Nge7 6. Bg2 g6 7. 0-0 Bg7 8. exd5 exd5 9. d4 cxd4 10. Nb3 Bg4 11. h3 Bxf3 12. Qxf3 a5 13. Re1 0-0 14. Bg5 a4 15. Nc5 b6 16. Nd3 h6 17. Bf4 a3 18. b3 g5 19. Bd2 Qd6 20. Re2 Rfd8 21. Rae1 Ng6 22. Qf5 Nge7 23. Qg4 Ng6 24. f4 gxf4 25. Bxf4 Nxf4 26. Nxf4 Nb4 27. Re7 Qf6 28. R1e5 Kh8 29. Nh5 Qxe5 30. Rxe5 Bxe5 31. Qf5 Re8 32. Bf1 d3 33. Bxd3 Bd4+ 34. Kf1 Nxd3 35. Qxd3 Bb2 36. c3 Re5 37. Qd4 Rae8 38. Nf6 Rf5+ 39. Kg1 Re1+ 40. Kg2 Re2+ 41. Kg1 Re1+ 42. Kg2 1/2-1/2

[Event "Bundesliga 9495"]
[Site "Germany"]
[Date "1995.??.??"]
[Round "?.6"]
[White "Floegel, Ulrich"]
[Black "Voekler, Bernd"]
[Result "1-0"]
[WhiteElo "2315"]
[BlackElo "2350"]
[PlyCount "121"]
[EventDate "1994.10.08"]
[EventType "team-tourn"]
[EventRounds "15"]
[EventCountry "GER"]
[SourceTitle "GER-chT"]
[Source "ChessBase"]
[SourceDate "1999.07.01"]
[SourceVersion "1"]
[SourceVersionDate "1999.07.01"]
[SourceQuality "1"]
[WhiteTeam "Werder Bremen"]
[BlackTeam "Erfurt"]
[WhiteTeamCountry "GER"]
[BlackTeamCountry "GER"]

1. e4 c5 2. Nf3 d6 3. c3 Nf6 4. Bd3 g6 5. Bc2 Bg7 6. h3 0-0 7. d4 Qc7 8. 0-0 e5 9. Be3 b6 10. a4 Bb7 11. d5 h6 12. Na3 Kh7 13. Nd2 Ba6 14. Nb5 Bxb5 15. axb5 Nh5 16. Qg4 Nd7 17. Ra6 Ndf6 18. Qf3 Qd7 19. Bd3 Ng8 20. Qg4 Qc7 21. Rfa1 Ne7 22. Nc4 Nc8 23. g3 Nf6 24. Qe2 Ne8 25. f4 f5 26. Rf1 Qd7 27. Kh2 fxe4 28. Bxe4 exf4 29. Rxf4 Rxf4 30. Bxf4 Nf6 31. Bd3 Rb8 32. Bxg6+ Kxg6 33. Bxd6 Ng4+ 34. Qxg4+ Qxg4 35. hxg4 Nxd6 36. Nxd6 Rd8 37. Nf5 Rd7 38. Ra1 Bf8 39. c4 Kg5 40. Rf1 Rf7 41. Kg2 h5 42. Nd6 Rxf1 43. Ne4+ Kxg4 44. Kxf1 Kf3 45. Nf6 Kxg3 46. Nxh5+ Kf3 47. Ke1 Ke3 48. Kd1 Kd3 49. b3 Kc3 50. Ke2 Kxb3 51. Kd3 Kb4 52. Nf6 Ka5 53. Ne8 a6 54. Nc7 axb5 55. Nxb5 Kb4 56. d6 Bg7 57. Nc7 Kb3 58. Nd5 b5 59. d7 bxc4+ 60. Ke2 c3 61. d8Q 1-0

[Event "Bundesliga 9495"]
[Site "Germany"]
[Date "1995.??.??"]
[Round "?.6"]
[White "Floegel, Ulrich"]
[Black "Vogt, Lothar"]
[Result "1/2-1/2"]
[WhiteElo "2315"]
[BlackElo "2475"]
[PlyCount "120"]
[EventDate "1994.10.08"]
[EventType "team-tourn"]
[EventRounds "15"]
[EventCountry "GER"]
[SourceTitle "GER-chT"]
[Source "ChessBase"]
[SourceDate "1999.07.01"]
[SourceVersion "1"]
[SourceVersionDate "1999.07.01"]
[SourceQuality "1"]
[WhiteTeam "Werder Bremen"]
[BlackTeam "Koeln Porz"]
[WhiteTeamCountry "GER"]
[BlackTeamCountry "GER"]

1. e4 c5 2. Nf3 e6 3. d3 Nc6 4. g3 d6 5. Bg2 Nf6 6. 0-0 Be7 7. c3 0-0 8. Re1 Bd7 9. Nbd2 Rc8 10. a3 b5 11. b4 cxb4 12. axb4 a5 13. bxa5 Nxa5 14. Nb3 Nxb3 15. Qxb3 Qc7 16. Bd2 Ng4 17. Qd1 Ne5 18. Qe2 Nxf3+ 19. Qxf3 Ra8 20. Reb1 Ra4 21. Rc1 Rfa8 22. Rab1 Bf8 23. d4 Ra2 24. Qd1 Qa5 25. Be1 Qa4 26. Bf1 g6 27. Rb3 Bc6 28. d5 exd5 29. exd5 Bd7 30. Rcb1 Bg4 31. Qd4 Be2 32. Bxe2 Rxe2 33. Rb4 Qa5 34. Qd3 Rae8 35. Bd2 Qa2 36. R1b2 Qa7 37. Be3 R8xe3 38. fxe3 Qa1+ 39. Rb1 Qa2 40. Qe4 Rxh2 41. Rf1 Rh5 42. Qg2 Qa7 43. Qf3 Re5 44. Rd4 Qe7 45. e4 Bg7 46. Rb4 Rg5 47. Qd3 Be5 48. Rf3 h5 49. Kf2 Qa7+ 50. Qe3 Qa2+ 51. Kf1 Rg4 52. Qf2 Qa1+ 53. Kg2 h4 54. Rxb5 Rxg3+ 55. Rxg3 hxg3 56. Qc2 Qe1 57. Rb8+ Kg7 58. Rb1 Qe3 59. Rf1 Qh6 60. Rh1 Qe3 1/2-1/2